MARC

LEADER 00000nam0a2200000 4500
001 365047
005 20231102011740.0
035 |a (RuTPU)RU\TPU\retro\22410 
090 |a 365047 
100 |a 20211209d1981 m y0rusy50 ca 
101 0 |a rus 
102 |a RU 
105 |a a j 001zy 
200 1 |a Технология шинного производства  |e учебник для среднего специального образования 
205 |a 3-е изд., перераб. и доп. 
210 |a Москва  |c Химия  |d 1981 
215 |a 264 с.  |c ил. 
320 |a Библиогр.: с. 262 
606 1 |a Шинное производство  |2 stltpush  |3 (RuTPU)RU\TPU\subj\19174  |9 44466 
610 1 |a технология 
610 1 |a шины 
610 1 |a автомобильные шины 
610 1 |a камерные шины 
610 1 |a пневматические шины 
610 1 |a сырье 
610 1 |a материалы 
610 1 |a резиновые смеси 
610 1 |a приготовление 
610 1 |a резиновые клеи 
610 1 |a покрышки 
610 1 |a сборка 
610 1 |a вулканизация 
610 1 |a велосипедные шины 
610 1 |a контроль 
675 |a 678.4.063  |v 4 
700 1 |a Рагулин  |b В. В.  |g Василий Васильевич 
701 1 |a Вольнов  |b А. А.  |g Анатолий Алексеевич 
801 1 |a RU  |b 63413507  |c 20211209 
942 |c BK